Badly Drawn Subdivisions - Statistics

General Stats
  • This quiz has been taken 31 times
  • The average score is 5 of 10
Answer Stats
Picture Hint Answer % Correct
United States Texas
91%
United Kingdom England
87%
United States Minnesota
83%
Canada Newfoundland and Labrador
78%
Germany Brandenburg
43%
Brazil São Paulo
43%
China Shanghai
43%
Japan Tokyo
35%
Mexico Jalisco
22%
Dominica St. George
13%
No matching quizzes found
Score Distribution
Percent of People with Each Score
Percentile by Number Answered
Your Score History
You have not taken this quiz